• 首页
  • 本馆介绍
  • 公告通知
  • 最新文献
  • 馆藏检索
  • 电子资源
  • 读者导购
  • 参考咨询
  • 我的图书馆
  • 登录
  • 详细信息显示
  • 放入我的书架
  • 预约/预借图书
  • 作者相关作品
  • 分类相关作品
  • 丛书相关作品
  • 出版社相关作品

书目信息

  • 表格格式
  • 工作单格式
  • 卡片格式
题名:
设计师的自我修养
    
 
作者: 左佐 编著
分册:  
出版信息: 北京   电子工业出版社  2018
页数: 238页
开本: 25cm
丛书名:
单 册:
中图分类: J292.13 , J293
科图分类:
主题词: 美术字--Mei Shu Zi--字体--设计
电子资源:
ISBN: 978-7-121-33824-3
000 01080nam0 2200265 450
001 012001009381
005 20191029104911.37
010    @a978-7-121-33824-3@b精装@dCNY98.00
099    @aCAL 012018082826
100    @a20180702d2018 em y0chiy50 ea
101 0  @achi
102    @aCN@b110000
105    @ay z 000yy
106    @ar
200 1  @a设计师的自我修养@AShe Ji Shi De Zi Wo Xiu Yang@f左佐编著
205    @a修订版
210    @a北京@c电子工业出版社@d2018
215    @a238页@d25cm
330    @a本书以呈现商业委托过程为主, 涉及沟通、切入、构思、素材、草图、细节调整过程、基本常识、呈现技巧、方法、观点、态度等, 辅以作者认为最基本的常识。商业委托和基本常识穿插进行, 方便联想常识在实际中的应用, 也避免长时间阅读同一种模式。因过程很完整, 不同读者会因不同的关注点而有各自的启发。另外, 也有一些作者的技巧、偏方、黑科技的传授, 会让你少走几步弯路, 快速实现自己的想法。
606 0  @a美术字@AMei Shu Zi@x字体@x设计
690    @aJ292.13@v5
690    @aJ293@v5
701  0 @a左佐@AZuo Zuo@4编著
801  2 @aCN@b上海新华@c20191020
905    @b1187974-6@dJ292.13@e623=2@f3
    
    设计师的自我修养/左佐编著.-修订版.-北京:电子工业出版社,2018
    238页;25cm
    
    
    ISBN 978-7-121-33824-3(精装):CNY98.00
    本书以呈现商业委托过程为主, 涉及沟通、切入、构思、素材、草图、细节调整过程、基本常识、呈现技巧、方法、观点、态度等, 辅以作者认为最基本的常识。商业委托和基本常识穿插进行, 方便联想常识在实际中的应用, 也避免长时间阅读同一种模式。因过程很完整, 不同读者会因不同的关注点而有各自的启发。另外, 也有一些作者的技巧、偏方、黑科技的传授, 会让你少走几步弯路, 快速实现自己的想法。
●
相关链接 在E读中查询图书 在五车中查询图书 在当当中查询图书 在豆瓣中查询图书


正题名:设计师的自我修养     索取号:J292.13/623=2         预约/预借

序号 登录号 条形码 馆藏地/架位号 状态 备注
1 1187974   211879742   第一样本阅览室/ [索取号:J292.13/623=2] 在馆    
2 1187975   211879751   第一借阅区/ [索取号:J292.13/623=2] 在馆    
3 1187976   211879760   第一借阅区/ [索取号:J292.13/623=2] 在馆    
唐山师范学院图书馆 欢迎您!
大连网信软件有限公司© 版权所有